000 00754nam a22002657a 4500
003 MX-MxINE
005 20260601171022.0
008 260521t1996\\\\mx\|||||\||||\00|\0\spa\d
020 _a968653346X
040 _aMX-MxINE
_bspa
_cMX-MxINE
_erda
041 _aspa
050 _aNK4085
_bC47
100 _eautor
245 _a Cerámica inglesa en México.
264 _aMéxico :
_bThe British Council :
_bMuseo Franz Mayer,
_c1996
300 _a71 páginas :
_bilustrciones
336 _2rdacontent
_atexto
337 _2rdamedia
_asin medio
338 _2rdacarrier
_avolumen
490 _aColección uso y estilo ;
_v4
500 _aTexto en español e ingles
650 _aCerámica
_91200
650 _aArte popular
_97800
942 _2lcc
_cB
_n1
999 _c20945
_d20945